79 - Né(es) un 20 mars - Statistiques

Statistiques générales
  • Ce quiz a été pris 8 fois
  • Le résultat moyen est 6 sur 19
Statistiques - réponses
Hint Année de naissance Réponse % Correct
Actrice française. Vue dans "Un éléphant ça trompe énormément" et "Nous irons tous au paradis" et la série "Maguy". 1932 Marthe Villalonga
71%
Animatrice de télévision française. Présenta "Midi Magazine" et "Midi Première". 1943 Danièle Gilbert
57%
Scientifique britannique. Il fonda la mécanique classique, la théorie de la gravitation universelle et la création du calcul infinitésimal. 1642 Isaac Newton
57%
Président de la République française de 1954 à 1959. 1882 René Coty
57%
Réalisateur américain. Réalisa "Do the Right Thing", "Jungle Fever", "Malcolm X", "La 25e Heure", "BlacKkKlansman : J'ai infiltré le Ku Klux Klan". 1957 Shelton Jackson Lee|Spike Lee
57%
Poète latin de la période de la naissance de l'Empire romain. Connu pour "L'Art d'aimer" et les "Métamorphoses". -43 av J.C. Ovide
43%
Homme politique français. Premier ministre du 5 juillet 1972 au 27 mai 1974. Maire de Sarrebourg de 1971 à 1989. 1916 Pierre Messmer
43%
Joueur puis entraîneur de rugby. Annoncé comme futur sélectionneur de l'équipe de France de rugby en 2019. 1969 Fabien Galthié
29%
Actrice américaine. Oscar de la meilleure actrice pour "La Leçon de piano" en 1994. Vue dans "Always", "Ce cher intrus", "Copycat", "Crash", "O'Brother", "Thirteen", "Batman v Superman : L'Aube de la justice". 1958 Holly Hunter
29%
Romancier et dramaturge russe. Connu pour les "Nouvelles de Pétersbourg" (Le Nez", "Le Journal d'un fou"...), "Les Âmes mortes", "Tarass Boulba", "Le Revizor". 1809 Nicolas Gogol
29%
Réalisateur québécois. Réalisa "J'ai tué ma mère", "Les Amours imaginaires", "Laurence Anyways", "Mommy", "Juste la fin du monde". 1989 Xavier Dolan
29%
Premier ministre du Canada du 17 septembre 1984 – 25 juin 1993. 1939 Brian Mulroney
14%
Auteur de bande dessinée français. Connu pour la série des "Bidochon". 1947 Christian Binet
14%
Compositeur de musique de films. Connu pour les musiques des films suivants: "Un singe en hiver", "Les Tontons flingueurs", "Mélodie en sous-sol", "Angélique Marquise des Anges", "Fantomas", "Tout le monde il est beau, tout le monde il est gentil", "Les Misérables". 1930 Michel Magne
14%
Acteur américain. Vu dans "Le Baiser de la femme araignée" (Oscars 1986 du meilleur acteur), "Les Enfants du silence", "Broadcast News", "A History of Violence", "Univers cinématographique Marvel", "Dérapages incontrôlés". 1950 William Hurt
14%
Fondateur du groupe L'Oréal. 1881 Eugène Schueller
0%
Acteur américain. Vu dans "True Romance", "Le Flic de San Francisco", "Copland", "Y a-t-il un parrain pour sauver la mafia ?", "À l'aube du sixième jour" et "Hitch, expert en séduction". 1970 Michael Rapaport
0%
Fils de Marie-Louise d'Autriche. Prince impérial, il est titré roi de Rome à sa naissance 1811 Napoléon II
0%
Joueur puis entraîneur de basketball. Entraîna les Knicks de New-York, les Lakers de Los Angeles ainsi que les Heat de Miami. 1945 Pat Riley
0%
Aucun quiz correspondant
Distribution des résultats
% des personnes avec chaque résultat
Percentile par nombre de réponses
Votre historique - résultats
Vous n’avez pas pris ce quiz